Core Java 2 V.1 : fundamentals, J2SE version 1.3 (Record no. 203000)
[ view plain ]
| 000 -LEADER | |
|---|---|
| fixed length control field | 00499nam a2200169Ia 4500 |
| 008 - FIXED-LENGTH DATA ELEMENTS--GENERAL INFORMATION | |
| fixed length control field | 231221s9999 xx 000 0 und d |
| 041 ## - LANGUAGE CODE | |
| Language code of text/sound track or separate title | English |
| 082 ## - DEWEY DECIMAL CLASSIFICATION NUMBER | |
| Classification number | 001.6424JAV HOR2.1; |
| 100 ## - MAIN ENTRY--PERSONAL NAME | |
| Personal name | Horstmann, Cay S Cornell, Gary |
| 245 #0 - TITLE STATEMENT | |
| Title | Core Java 2 V.1 : fundamentals, J2SE version 1.3 |
| 260 ## - PUBLICATION, DISTRIBUTION, ETC. | |
| Date of publication, distribution, etc. | 2001 |
| Name of publisher, distributor, etc. | Pearson Education(Singapore) |
| Place of publication, distribution, etc. | Delhi |
| 300 ## - PHYSICAL DESCRIPTION | |
| Extent | xxv+798 |
| 300 ## - PHYSICAL DESCRIPTION | |
| Dimensions | 31030 |
| 440 ## - SERIES STATEMENT/ADDED ENTRY--TITLE | |
| Title | Java series |
| 650 ## - SUBJECT ADDED ENTRY--TOPICAL TERM | |
| Topical term or geographic name entry element | Core,Java,V.1,:,fundamentals,,J2SE,version,1.3 |
| 942 ## - ADDED ENTRY ELEMENTS (KOHA) | |
| Koha item type | Compact Disks |
| Date last seen | Total checkouts | Full call number | Accession number | Price effective from | Category | Lost status | Damaged status | Department | Withdrawn status | Home library | Current library | Shelving location | Entry date | Vendor | Grants | Billnumber | Billdate | Currency symbol | Conversion rate | Discount | Old discount |
|---|---|---|---|---|---|---|---|---|---|---|---|---|---|---|---|---|---|---|---|---|---|
| 26/01/2024 | 001.6424JAV HOR2.1; | CD1595 | 26/01/2024 | Compact Disks | Central Library | Central Library | Central Library | Central Library | Sai Books | IS | 145 | 14/09/2009 | RS | 1 | 20 | ||||||
| 26/01/2024 | 001.6424JAV HOR2.1; | CD1596 | 26/01/2024 | Compact Disks | Central Library | Central Library | Central Library | Central Library | Sai Books | IS | 145 | 07/10/2009 | RS | 1 | 20 | ||||||
| 26/01/2024 | 001.6424JAV HOR2.1; | CD1597 | 26/01/2024 | Compact Disks | Central Library | Central Library | Central Library | Central Library | Sai Books | IS | 145 | 14/09/2009 | RS | 1 | 20 |
